| 000 | 00723nam a22002177a 4500 | ||
|---|---|---|---|
| 999 |
_c12597 _d12597 |
||
| 003 | AR-CdUCM | ||
| 008 | 190409b ||||| |||| 00| 0 spa d | ||
| 040 |
_aMUNICIPALIDAD PROVINCIAL DEL CUSCO _cBIBLIOTECA MUNICIPAL DEL CUSCO |
||
| 082 |
_23ed _a371.264 / _bAD237 / 1947 |
||
| 100 |
_aAdler, Alfred _923317 |
||
| 245 | _aLa psicología individual y la escuela / | ||
| 260 |
_aBuenos Aires : _bLosada, _c1947. |
||
| 300 |
_a174 páginas ; _c19 cm. |
||
| 440 |
_aBiblioteca pedagógica _n1 _930509 |
||
| 505 | _aContenido: Psicología individual. | ||
| 650 |
_aPsicología individual _930510 |
||
| 650 |
_aPsicología del niño _95112 |
||
| 650 |
_aEducacional _927984 |
||
| 942 |
_2ddc _cLIBROS |
||
| 945 |
_adavv _d09/04/2019 |
||